10 Most Populated European Countries - Sudden Death - Statistics

General Stats
  • This quiz has been taken 52 times
  • The average score is 7 of 10
Answers on the Grid
Answers color-coded by a green-red scale on the quiz's grid according to % correct below.
Germany
Romania
Belgium
Greece
Bulgaria
Poland
Serbia
United Kingdom
Spain
Italy
Russia
Belgium
Czech Republic
Netherlands
Portugal
Ukraine
France
 
Answer Stats
Answer % Correct
France
92%
Germany
92%
Spain
83%
United Kingdom
83%
Italy
75%
Russia
75%
Ukraine
58%
Poland
50%
Netherlands
25%
Romania
25%
No matching quizzes found
Score Distribution
Percent of People with Each Score
Percentile by Number Answered
Your Score History
You have not taken this quiz